La audacia, vence al audaz ; ... Y la luna, bajo el bosque / (Record no. 14755)

MARC details
000 -LEADER
campo de control de longitud fija 00674nam a2200229 i 4500
001 - NÚMERO DE CONTROL
campo de control 14755
003 - IDENTIFICADOR DE NÚMERO DE CONTROL
campo de control ES-MaACL
005 - FECHA Y HORA DE LA ÚLTIMA TRANSACCIÓN
campo de control 20230906150900.0
007 - CAMPO FIJO DE DESCRIPCIÓN FÍSICA--INFORMACIÓN GENERAL
campo de control de longitud fija t|
008 - DATOS DE LONGITUD FIJA--INFORMACIÓN GENERAL
campo de control de longitud fija 990601s1967 sp ||||1| spa d
080 ## - NÚMERO DE LA CLASIFICACIÓN DECIMAL UNIVERSAL
Número de la Clasificación Decimal Universal 821.134.2-22"19"
100 1# - ENTRADA PRINCIPAL--NOMBRE DE PERSONA
Nombre de persona Mendizábal, Federico de.
9 (RLIN) 80208
245 13 - MENCIÓN DEL TÍTULO
Título La audacia, vence al audaz ; ... Y la luna, bajo el bosque /
Mención de responsabilidad, etc. Federico de Mendizábal.
250 ## - MENCION DE EDICION
Mención de edición 6ª ed.
260 ## - PUBLICACIÓN, DISTRIBUCIÓN, ETC.
Lugar de publicación, distribución, etc. Madrid :
Nombre del editor, distribuidor, etc. Gesta,
Fecha de publicación, distribución, etc. [1967]
300 ## - DESCRIPCIÓN FÍSICA
Extensión 118 p. ;
Dimensiones 17 cm.
490 1# - MENCIÓN DE SERIE
Mención de serie Colección escena
740 0# - ENTRADA AGREGADA--TÍTULO RELACIONADO/ANALÍTICO NO CONTROLADO
Título relacionado o analítico no controlado ...Y la luna, bajo el bosque.
830 0# - PUNTO DE ACCESO ADICIONAL DE SERIE-TÍTULO UNIFORME
Título uniforme Colección escena
9 (RLIN) 178507
852 ## - LOCALIZACIÓN
Ubicación ES-MaACL
Número de control de estantería L-21965
Sublocalización o colección R.118120
Holdings
Estatus retirado Estado de pérdida Estado de daño No para préstamo Biblioteca de origen Biblioteca actual Ubicación en estantería Fecha de adquisición Fuente de adquisición Total de préstamos Signatura topográfica completa Código de barras Visto por última vez Precio de reemplazo Tipo de ítem Koha
        Biblioteca del Ateneo de Madrid Biblioteca del Ateneo de Madrid Depósito 2 17/01/2008     L-21965 1015004 23/02/2023 23/02/2023 Libro impreso